Secció d'Arxiu i Gestió Documental de la Diputació de Barcelona
Publicado:
Frontissa, núm. 38 (oct. 2019), pàg. 16 - 17 :
Descripción Física:
24 p. il., negre i col. ; 26 cm
Otros Autores:
Rivas Lozano, Dolors
Idioma:
Catalán
MARC
| LEADER | 00000nam a22000007a 4500 | ||
|---|---|---|---|
| 001 | 25089 | ||
| 003 | Arxiu | ||
| 005 | 20260324180724.0 | ||
| 008 | 211221b spa||||| |||| 00| 0 cat d | ||
| 100 | |9 27857 |a Vilamala Salvans, Jordi | ||
| 245 | |a Secció d'Arxiu i Gestió Documental de la Diputació de Barcelona | ||
| 260 | |a Frontissa, núm. 38 (oct. 2019), pàg. 16 - 17 | ||
| 300 | |a 24 p. |b il., negre i col. ; |c 26 cm | ||
| 700 | |9 52437 |a Rivas Lozano, Dolors | ||
| 773 | |7 nnas |t Frontissa : butlletí de la Coordinadora de Centres d'Estudis de Parla Catalana. |g Núm. 38 (oct. 2019), pàg. 16-17. |x 1575-2534 | ||
| 942 | |2 udc |n 1 | ||
| 952 | |0 0 |1 0 |2 udc |4 0 |6 FU67118 |7 1 |9 60907 |a Arxiu |b Arxiu |d 2021-12-21 |l 0 |o FU-67-118 |p 25089 |r 2021-12-21 00:00:00 |w 2021-12-21 |y ARXIU | ||
| 952 | |0 0 |1 0 |4 0 |6 FU67128 |7 1 |9 61214 |a Arxiu |b Arxiu |d 2022-04-04 |l 0 |o FU-67-128 |p 25233 |r 2022-04-04 00:00:00 |w 2022-04-04 |y ARXIU | ||
| 999 | |c 81034 |d 81034 | ||